[Event "Washington Open"]
[Site "Redmond, WA"]
[Date "2023.05.31"]
[Round "2"]
[White "Saravanan, Sujan"]
[Black "Toppen-Ryan, Harrison"]
[Result "0-1"]
[WhiteElo "1701"]
[BlackElo "1930"]
[Annotator "Harrison Toppen-Ryan"]
[PlyCount "96"]
[EventDate "2023.05.27"]
[EventType "swiss"]
[EventRounds "6"]
[EventCountry "USA"]

1. e4 c5 2. c3 {A lot of club players love playing the Alapin Sicilian as
White. It was a popular opening at the Bellingham open as well. I've seen this
played against me more times than any other variation besides the mainline 2.
Nf3 and 3.d4 open Sicilian.} Nf6 (2... d5 3. exd5 Qxd5 4. d4 {This is the more
popular line black can try. I decided to play 2.Nf6 instead as it's more
advanced and more comfortable for black in my opinion.}) 3. e5 Nd5 4. Nf3 Nc6
5. Bc4 Nb6 6. Bb3 d6 7. exd6 Qxd6 8. O-O g6 (8... c4 9. Bc2 Bg4 {Is black's
main try. Probably better then the g6 plan that I went for.}) 9. d4 cxd4 10.
Nxd4 Nxd4 11. cxd4 Bg7 12. Qf3 $6 {Here I wasn't so sure about White's plan
here going for the IQP, as it will always be a target for black in this kind
of middlegame.} O-O 13. Rd1 Qf6 14. Qg3 Bf5 15. Bg5 Qd6 16. Qxd6 exd6 17. Nc3
Rfc8 18. Nb5 Nc4 19. Bxc4 Rxc4 20. b3 {Here I thought I was losing had white
took my d6 pawn. Apparently computer thinks its about equal.} (20. Nxd6 Rxd4
21. Rxd4 Bxd4 22. Nxf5 gxf5 $14) 20... Rc6 21. Bf4 Bf8 $6 {This move seemed
passive by me. I should have played more actively with:} (21... Rd8 22. Nxa7
Rb6 $1 $15) 22. d5 Rb6 23. a4 $1 {This is the critical position of this game.
24.Be3 trapping rook is coming if black doesn't act immediately. To the reader:
Right here, right now, you and I... What would you play here without looking
at the next move?} Bc2 $1 24. Rd2 Bg7 $1 {The only moves to keep black in the
game. White is still slightly better here if white plays correctly.} 25. Rf1 $4
{This was the game turning move. The move Rc1 looks natural and is in fact the
correct move to play. What my opponent probably thought that after:} (25. Rc1
Bxb3 26. Be3 Bxa4 27. Bxb6 axb6 {It looks white white can't stop both Bxb5 or
Bh6 but after:} 28. Ra2 $1 $16 {And black has nothing for the exchange. My
oppoent had to see all of this before playing Rc1 however.}) 25... Bxb3 26. Be3
$2 {Going for the plan now doesn't work. Since Bxb5 will hit the rook on f1.}
Bxa4 27. Bxb6 Bxb5 28. Rb1 $2 axb6 $1 $19 {Game over. White cannot take on b5
as Ra1 will be checkmate.} 29. g3 Ra1 30. Rdd1 Rxb1 31. Rxb1 Bc4 32. Rxb6 Bxd5
33. Rxd6 Bc6 {The rest of the game will be a pretty show of how 2 bishops +
pawn > one rook.} 34. Rd8+ Bf8 35. Kf1 Kg7 36. Ke2 {The b5 pawn now has a red
carpet to promote to a queen. White puts up as much resistance as he can but
the result will be never be in doubt.} b5 37. Kd3 b4 38. Kc4 Bg2 39. Rd4 Bf1+
40. Kb3 Ba6 41. Rd8 Bb7 42. Kc4 Bf3 43. Rd4 h5 44. h4 Bg4 45. Kb3 Be6+ 46. Kb2
Kh6 47. Kb1 b3 48. f3 Bg7 {The bishops are snipers.} 0-1

[Event "Washington Open"]
[Site "Redmond, WA"]
[Date "2023.05.28"]
[Round "3"]
[White "He, Daniel"]
[Black "Anoop, Pranav K."]
[Result "1-0"]
[WhiteElo "2352"]
[BlackElo "2134"]
[Annotator "Daniel He"]
[PlyCount "55"]
[EventDate "2023.05.27"]
[EventType "swiss"]
[EventRounds "6"]
[EventCountry "USA"]

1. e4 c5 2. Nf3 Nc6 3. Bb5 {The trendy Rossolimo variation} g6 4. O-O Bg7 5. c3
e5 {One of the two main options by Black to deal with d4} (5... Nf6 6. Re1 O-O
7. d4 cxd4 8. cxd4 d5 9. e5 Ne4 {The other option which leads to more Closed
structures but White does have the extra central space}) 6. d4 {Sacrificing a
pawn for dynamics, which highlights the risk of Black's e5 move while he
remains uncastled.} cxd4 7. cxd4 exd4 8. Bf4 {The idea is I can ensure a Bd6
next move, hindering Black's development of the queenside} a6 $1 {More precise
than Nge7. Black forces me to reveal if I will retreat the bishop to a4 or c4
first} (8... Nge7 $6 9. Bd6 a6 10. Bc4 {Now that Black cannot play d6, Bc4 is
the better square for the bishop, putting pressure on the a2-g8 diagonal once
Black gets castled.}) (8... d6 $2 9. Nxd4) 9. Ba4 (9. Bc4 $6 {Bc4 here is no
longer effective because Black can simply play d6} d6) 9... Nge7 10. Bd6 b5 11.
Bb3 Bb7 12. Re1 Nc8 {Inviting e5 where he's forced to play Kf8 and leading to
wild imbalances} 13. e5 Nxd6 14. exd6+ Kf8 {We reach the end of the opening
stage with quite an imbalanced position! Statics favor Black with the bishop
pair and an extra pawn. However, White has a lead in development and Black's
king is stuck in the center, so it is essential to capitalize on the dynamics
before Black coordinates his pieces. It is interesting to note how the d6 pawn
could either be a strength or a weakness. If Black manages to win it, my
entire attack fizzles out. Otherwise, it is a big thorn in his position.} 15.
Nbd2 f5 $5 {Looks very counterintuitive opening up the only key diagonal in
front of his king. But with further analysis, if Black manages to stop my
initiative and get in the moves Bf6 and Kg7, he's totally fine and now owns an
extra pawn and the bishop pair. I had to act fast} (15... Bf6 16. Ne4 {I had
expected Bf6, but after Ne4-Nc5, there is more than enough positional
compensation for the pawn}) 16. a4 $6 {Played this move with the intention of
dropping my bishop back followed by Qb3 to further pressure the weak a2-g1
diagonal and open up the queenside. However, it was a bit slow} (16. Bd5 Bf6
17. Nb3 {It turns out the most ambitious plan is to create counterplay on the
queenside with Nb3-Nc5, really disrupting his development.}) 16... Bf6 17. h4
Kg7 18. Ng5 $5 {The idea behind h4. White offers another pawn to swap off
Black's most valuable defender: the dark squared bishop. If accepted, the e7
square is ready for invasion.} Rf8 {Black decides to keep his dark squared
bishop and slowly untangle with Qb8 followed by Qxd6. Once my d6 pawn drops, I
am simply lost.} (18... Bxg5 19. hxg5 Qxg5 20. Bd5 {The move I planned on
playing with ideas of both plugging the long diagonal and threatening Bxc6
followed by Re7+} Qf4 21. Bxc6 Bxc6 22. Re7+ Kh6 (22... Kf8 23. Qb3) 23. Ra3 $5
{Bringing the other rook in the game laterally. It gets quite messy here with
Rh3+ coming and Black's rooks can hardly join the defense. Practically, I
ended my calculation here concluding Black should not enter this line}) 19. Qe2
{Indirectly preventing d6 by threatening to take twice on b5} Qb6 {Black just
needs one move, Ne5, to win d6 and catch up on development. I knew I had to
act fast here} (19... Qb8 20. axb5 axb5 21. Qxb5 Qxd6 22. Qxb7 Rfb8 23. Qxa8 $1
{Black's back rank is too weak}) 20. Rac1 {Ideas of Rxc6 in the air} (20. a5
Qc5 21. Qe6 $5 {I was pumped when I saw this Qe6 idea, but unfortunately, Bc8
holds for Black no matter how hard I tried to make it work.} Bc8 $3 (21... dxe6
22. Nxe6+ Kh8 23. Nxc5 {I simplify into a winning endgame, and the passed
d-pawn wins the game.})) 20... Rac8 $4 {Completely missing my point} (20... Ne5
21. Rc7 {Threat of Ne6+ and creating pressure on the 7th rank}) (20... Rae8 {
Moving a rook to e8 forces me to sacrifice my queen in exchange for both rooks.
Given Black's king is nearly enclosed in a mating net, I was optimistic about
my chances} 21. Qxe8 Rxe8 22. Rxe8 Kh6 23. Ndf3 {Rf8 is next followed by Rf7})
21. Rxc6 $3 {Removing the key defender of the e7 square. Black has 4 ways to
recapture and none of them save him} Qxc6 (21... Rxc6 {With Rxc6, he does have
the option of blocking the check with Rc4, but fortunately, Nxc4 comes with a
key tempo on Black's queen} 22. Qe7+ Bxe7 23. Rxe7+ Rf7 24. Rxf7+ Kg8 25. Rxd7+
Rc4 26. Nxc4 bxc4 27. Bxc4+ Kf8 28. Nxh7+ Ke8 29. Nf6+ Kf8 30. Rf7#) 22. Qe7+
Bxe7 23. Rxe7+ Rf7 {Only try to not get mated right away} (23... Kh6 24. Rxh7#)
(23... Kf6 24. Nxh7# {Funny how the d6 pawn wins the game for me as the rook
on e7 is defended!}) (23... Kh8 24. Rxh7#) 24. Rxf7+ Kg8 (24... Kh6 25. Rxh7#)
25. Rxd7+ Kf8 {Only other moves are blocking the check with the queen, leading
to material gain} 26. Nxh7+ Ke8 27. Nf6+ Kf8 28. Rf7# {Nice mating net to
finish} 1-0

[Event "Washington Open"]
[Site "Redmond, WA"]
[Date "2023.05.28"]
[Round "3"]
[White "Kolar, Jonah"]
[Black "Certain, Malcolm"]
[Result "1-0"]
[WhiteElo "1329"]
[BlackElo "1170"]
[Annotator "Malcolm Certain"]
[PlyCount "99"]
[EventDate "2023.05.27"]
[EventType "swiss"]
[EventRounds "6"]
[EventCountry "USA"]
[TimeControl "40/7200+10:1800+10"]

1. e4 c6 {The Caro-Kann, which I hadn't played for a while but picked back up
for this tournament as a safe option against 1.e4.} 2. d4 d5 3. Nc3 {The main
line.} dxe4 4. Nxe4 Bf5 {Classical variation.} 5. Ng3 Bg6 6. Nf3 h6 $4 {
Already a big mistake. I was attempting to give a square for my Bishop to
retreat after Ne5, but 7.Ne5 creates big problems after ...Bh7, as White gains
a massive attack on f7 that leads to a winning position. Fortunately, my
opponent missed the idea.} 7. Bc4 $2 (7. Ne5 Bh7 8. Qh5 g6 9. Qf3 Nf6 10. Qb3
Nd5 11. Qxb7 {Here I would have to choose between losing the Rook and taking
on a massive attack here, giving White a huge advantage.}) 7... e6 8. O-O Nf6
9. Re1 Bd6 $1 {I finally prevented Ne5 ideas, and kept White from developing
his dark-squared Bishop to f4.} 10. c3 O-O 11. a4 Qc7 12. Be3 Nbd7 13. Qd2 {
Not a bad move from White, but it allowed a lot of pressure to be placed on
his position down the d-file. e2 was perhaps a safer square for the Queen.}
Rfd8 14. Re2 $2 {With my Rook now aligned with White's Queen, 14.Re2 was too
slow of an idea. It allows for me to play 14...c5 and favorably open the
position.} c5 15. Bb3 $2 {15.Bd3 to prevent tactics and trade light-squared
Bishops would have been stronger.} cxd4 16. Bxd4 $4 {In order to maintain a
reasonable position, White had to take back with the pawn and accept worse
pawn structure. After 16...Bf4, I would have a more active position and could
harass White's pieces perpetually.} Bxg3 $4 {Here I went for a tactical
combination that I thought would win me a piece, but ultimately blundered away
my advantage. I missed the critical resource for White 19.Qf4, which allowed
my opponent to salvage equality.} (16... Bf4 17. Qd1 {17.Be3 loses to ...Bxg3
18.hxg3 Nc5, and 17.Qe1 allows ...Bd3, winning the exchange.} e5 18. Be3 Nc5
19. Rd2 {The most testing defensive line, this still would have led to
multiple pinned pieces and a very passive game for White. With best play, this
is a winning position for Black.}) 17. hxg3 e5 {Attacking the pinned bishop.
If it moves away, say 18.Be3, ...Nc5 wins either the bishop on b3 or the queen.
Thus, 18.Nxe5 is forced.} 18. Nxe5 Nxe5 19. Qf4 $1 {The critical move for
White that I had missed. Every other move lets me remain up a piece, which I
had calculated when I played 16...Bxg3.19.Qf4 escapes the pin on the d4 Bishop
while also pinning my Knight to my Queen, winning back the piece that he lost
with 18.Nxe5.} Nf3+ $1 {My only resource to maintain equality. White has to
win back his piece, so he has two options. He can either take the Knight with
his Queen and allow a skewer, or he can take with the pawn and go into an
endgame with tripled pawns after 20...Qxf4. While that endgame is technically
winning for White, it is practically very difficult to play, and so my
opponent went into the more dynamic exchange sacrifice line.} 20. Qxf3 (20.
gxf3 Qxf4 21. gxf4) 20... Bh5 21. Qd3 Bxe2 22. Qxe2 {With an extra pawn and
two powerful Bishops, White has excellent compensation for the exchange.} Re8
23. Qf3 Ne4 $2 {Not a good move. I wanted to avoid ideas of Bxf6 ruining my
pawn structure, but I shouldn't have been worried, as my Knight was much
weaker than his Bishop. Ne4 gave my opponent too much of an attack, which
ultimately cramped my position for the rest of the game. Qc6 would have been
better; it offers a Queen trade and defends my Knight.} 24. Qg4 Ng5 {The only
reasonable way to defend against checkmate on g7.} 25. f4 Ne6 $1 {The only
move to maintain equality, though practically the position was very difficult
for me to play. The other candidate move, 25...Re4, loses back the exchange
and giving White a passed pawn.} (25... Re4 26. Qf5 Rxd4 27. cxd4) 26. Bxe6 $1
{This prevented me from removing the powerful dark-squared bishop from d4, and
gave me a weak isolated pawn on e6.} fxe6 27. Re1 Qf7 28. Re5 Rad8 29. Bxa7 Ra8
30. Bd4 Rxa4 31. f5 {This move put a lot of pressure on my position, making it
difficult for me to defend, though it is still equal with best play. I can't
take the pawn, as it would lead to a nice removing-the-defender tactic for
White.} Ra6 (31... exf5 32. Rxe8+ Qxe8 33. Qxg7#) 32. b4 {A waiting move with
possible ideas of eventually forcing my Rook off the sixth rank with Bc5 and
b5.} Re7 {I'm now threatening to take on f5, as the Rook now defends g7 and
can no longer be captured with check.} 33. Bc5 $4 {This move leads to a losing
position for White. Unfortunately, I missed the combination that would give me
an edge. I didn't see a good response after 33...exf5 34.Rxf5 (which my
opponent said after the game is what he would have played after exf5), missing
ideas of Qa2+. Other options for White lead to a trade of rooks and a worse
endgame.} Rd7 $4 {Missing the winning idea.} (33... exf5 34. Rxf5 Ra1+ {
35.Kh2 gets caught in a mating net after ...Ree1.} 35. Kf2 Qa2+ 36. Kf3 Qe2+
37. Kf4 Re4#) 34. Rxe6 $4 {This gives me an opportunity to gain substantial
counterplay. Best is the prophylactic move 34.Kh2, prevenging Ra1 from coming
with tempo.} Ra1+ $2 {The tricky 34...h5 would have been a better resource
here, as it forces a trade of both Rooks and Queens. Still, Ra1+ gives a
modest advantage for Black.} (34... h5 35. Qe4 {The Rook has to remain twice
defended.} Rxe6 36. Qxe6 {If 36.fxe6, White once again falls into a mating net
after ...Ra1+ 37.Kh2 Qf1.} Qxe6 37. fxe6 Rd3) 35. Kf2 Rd5 36. f6 Rg5 $4 {
Giving away the advantage. I missed White's next move here, as I thought the
Qh3 was forced in order to defend the Rook. Best was instead 36...Rd2+ 37.Ke3
Rdd1, giving me powerful defended Rooks to attack White's King.} (36... Rd2+
37. Ke3 Rdd1 38. Kf3 g6 {The only move to maintain my advantage in this line,
and one that's very difficult to play, as it gives White a passed pawn and
allows him to gain access to the seventh rank.}) 37. Qe4 $1 {The only move. It
maintains defense of the Rook while also threatening the powerful 38.Re1+.} Rg6
$4 {Right idea, wrong execution. Better was 37...Qg6, offering a Queen trade
in addition to blocking access to h7. Fortunately, my opponent missed the
critical 38.Bd4 to defend the pawn and keep a powerful grip on my position.}
38. Ke2 $4 {Unpinning the f-pawn, but giving away the potential for a sizeable
advantage after 38.Bd4.} Ra2+ 39. Ke1 $1 {Giving the King access to f2. Every
other square allows too much counterplay with ideas of Rxg3 and Qa2+ if Re7 is
played. With the King on e1, Ra1+ can be met with Kf2, attacking the Rook on
g3. An alternate line is given below showing the problems with moving the King
elsewhere.} (39. Kd1 Ra8 40. Bd4 Rxg3 41. Re7 Ra1+ 42. Kd2 Qa2+ 43. Qc2 Rxg2+)
39... Qd7 $4 {The losing move. I attempted to get counterplay by threatening
checkmate, but I missed White's response.} 40. f7+ $1 {Punishing my mistake.}
Qxf7 41. Qxg6 Qxg6 42. Rxg6 {White enters the endgame up a Bishop, giving him
a clear winning advantage.} Kf7 {I played on to get some kind of chances, but
I knew the position was lost.} 43. Rb6 Rxg2 44. Rxb7+ Kf6 45. Bd4+ Kf5 46. Rxg7
Ke4 47. b5 Kd5 48. b6 h5 49. b7 Rb2 50. Ba7 {Here I resigned, as White was
going to promote.} 1-0

[Event "Washington Open"]
[Site "Redmond, WA"]
[Date "2023.05.31"]
[Round "4"]
[White " June, Peter"]
[Black "Toppen-Ryan, Harrison"]
[Result "0-1"]
[WhiteElo "1964"]
[BlackElo "1930"]
[Annotator "Harrison Toppen-Ryan"]
[PlyCount "72"]
[EventDate "2023.05.27"]
[EventType "swiss"]
[EventRounds "6"]
[EventCountry "USA"]

1. e4 c5 2. Nf3 Nc6 3. d4 cxd4 4. Nxd4 e5 {Sicilian Kalashnikov Variation} 5.
Nb5 d6 6. c4 {A popular sideline among Maróczy Bind players. The mainline
continues:} (6. N1c3 a6 7. Na3 b5) 6... Be7 {Waiting to play a6 until white
plays N1c3 so that the b5 knight will be forced to go back to a3.} 7. N1c3 a6
8. Na3 {Black has three choices here. The normal looking 8.Nf6, the
professional 8.Be6 or the chaotic evil 8.f5!?. Guess which one I went with.} f5
$5 9. exf5 {Taking on f5 immediately is the correct move here. Many players
will not take and instead go into:} (9. Bd3 f4 10. g3 Nf6 $5 11. gxf4 exf4 12.
Bxf4 O-O 13. Bg3 Ng4 14. Be2 Nxf2 $3 15. Bxf2 Rxf2 $3 16. Kxf2 $4 Bh4+ 17. Ke3
Qg5+ 18. Kd3 Nb4+ 19. Kd4 $7 Bf2#) 9... Bxf5 10. Bd3 Be6 {Black should not be
trading light square bishops here, as if white every plays Nd5 then black will
have Bxd5 later on.} 11. O-O Nf6 12. Nc2 O-O 13. Bg5 {Now I've reached the end
of my prep. White most popular try is:} (13. b3 Kh8 $13) 13... Ne8 14. Qh5 Bf5
$6 {I considered g6 here of course, but I missed the Bf5 idea at the very end
which saves black.} (14... g6 15. Bxg6 $2 hxg6 16. Qxg6+ Ng7 17. Bh6 Rf7 18.
Bxg7 Bf5 $1 $19) 15. Bxe7 Nxe7 16. Rad1 Nf6 17. Qe2 Qb6 {Threatening Bg5
winning material.} 18. Ne3 Be6 19. Ne4 Nc6 20. Nd5 $6 {Here was where white
began to go wrong in his position. Since now when white has a pawn on d5 then
black no longer has any weaknesses on d6 due to white's own d5 pawn acting as
a blockade.} (20. b3 Nd4) 20... Bxd5 21. cxd5 Nd4 22. Nxf6+ Rxf6 23. Qe4 g6 24.
g3 $2 {White wants to stop Rf4 ideas but severely weakens the f3 square in the
process. Computer gives:} (24. Qe3 Rf4 25. Qd2 Raf8 26. Rc1) 24... Raf8 $6 {
I though that move was natural but even stronger was:} (24... Nf3+ 25. Kg2 Qxb2
26. Qe2 Qxe2 27. Bxe2 Nd4) 25. b3 Rf3 26. Be2 Rc3 27. Bg4 Qc5 28. Be6+ $6 (28.
Kh1) 28... Kg7 29. Rd3 $4 {Now the computer really likes Nf3+ here but I
thought they way I played was also alright.} Rc2 (29... Nf3+ 30. Kg2 Rxd3 31.
Qxd3 Ne1+ $3) 30. Rxd4 $6 exd4 31. Qh4 Rf6 32. g4 h6 33. Re1 d3 34. Bf5 Rc1 35.
Rxc1 Qxc1+ 36. Kg2 gxf5 0-1

[Event "Washington Open"]
[Site "Redmond, WA"]
[Date "2023.05.31"]
[Round "6"]
[White "Seshadri, Sridhar"]
[Black "Toppen-Ryan, Harrison"]
[Result "0-1"]
[WhiteElo "1700"]
[BlackElo "1930"]
[Annotator "Harrison Toppen-Ryan"]
[PlyCount "60"]
[EventDate "2023.05.27"]
[EventType "swiss"]
[EventRounds "6"]
[EventCountry "USA"]

1. e4 c5 2. Nf3 Nc6 3. Bb5 Nf6 {The 4th most played move and a sidelines that
can confuse Sicilian Rossolimo players.} 4. Bxc6 dxc6 5. d3 Bg4 6. Be3 Nd7 7.
Nbd2 e5 8. h3 Bh5 9. g4 Bg6 10. Nc4 f6 11. Qd2 Qc7 12. a4 Bf7 13. Na3 Bd6 14.
Nh4 Nf8 15. Nf5 Ne6 {This is the set up I was going for. Black can castle on
either side of the board while also improving his knight on d7 to e6.} 16.
Nxd6+ {I was happy when this move was played since white took off my bad
dark-squared bishop for the good f5 knight.} Qxd6 17. Nc4 Qd7 18. c3 $6 {
Here this weakens the d3 pawn, which could become a target by black later
onwards.} Rd8 19. O-O-O $6 {Now black can just start a queenside attack.} b5
20. Na5 $6 {I'm not too sure about this move. White's knight will most likely
just get trapped on a5 later on, which is in fact what ended up happening.} O-O
21. h4 Qc7 22. c4 bxa4 23. g5 $6 {Here I can now actually switch my play from
center-queenside focused to center-kingside focused.} Bh5 24. Rdg1 $6 Bf3 25.
gxf6 Rxf6 26. Bg5 $6 {Here I just win material and White ends up with no
counterplay.} Nxg5 27. hxg5 Rfd6 28. g6 Bxh1 29. gxh7+ Kh8 30. Qg5 R6d7 0-1